Barney G. Glaser & Anselm A. Strauss, La Découverte de la théorie ancrée. Stratégies pour la recherche qualitative, Traduit de l’anglais (américain) par Marc-Henry Soulet et Kerralie Œuvray. Avant-propos de Marc-Henry Soulet. Introduction de Pierre Paillé. Paris, Armand Colin, 2010, 409 p., notes bibliogr., fig. (« Individu et Société ») (notice n° 1646400)
[ vue normale ]
| 000 -LEADER | |
|---|---|
| fixed length control field | 00768cam a2200145 4500500 |
| 005 - DATE AND TIME OF LATEST TRANSACTION | |
| control field | 20260208002440.0 |
| 041 ## - LANGUAGE CODE | |
| Language code of text/sound track or separate title | fre |
| 042 ## - AUTHENTICATION CODE | |
| Authentication code | dc |
| 100 10 - MAIN ENTRY--PERSONAL NAME | |
| Personal name | Masset, Claude |
| Relator term | author |
| 245 00 - TITLE STATEMENT | |
| Title | Barney G. Glaser & Anselm A. Strauss, La Découverte de la théorie ancrée. Stratégies pour la recherche qualitative, Traduit de l’anglais (américain) par Marc-Henry Soulet et Kerralie Œuvray. Avant-propos de Marc-Henry Soulet. Introduction de Pierre Paillé. Paris, Armand Colin, 2010, 409 p., notes bibliogr., fig. (« Individu et Société ») |
| 260 ## - PUBLICATION, DISTRIBUTION, ETC. | |
| Date of publication, distribution, etc. | 2011.<br/> |
| 500 ## - GENERAL NOTE | |
| General note | 17 |
| 786 0# - DATA SOURCE ENTRY | |
| Note | L'Homme | 198-199 | 2 | 2011-07-01 | p. 367e-380e | 0439-4216 |
| 856 41 - ELECTRONIC LOCATION AND ACCESS | |
| Uniform Resource Identifier | <a href="https://shs.cairn.info/revue-l-homme-2011-2-page-367e?lang=fr&redirect-ssocas=7080">https://shs.cairn.info/revue-l-homme-2011-2-page-367e?lang=fr&redirect-ssocas=7080</a> |
Pas d'exemplaire disponible.




Réseaux sociaux